| 000 | 00659nam a2200253Ia 4500 | ||
|---|---|---|---|
| 005 | 20260123122800.0 | ||
| 008 | 008 260114s9999 xx 000 0 eng d | ||
| 020 | _a9781526492739 | ||
| 037 | _aEBOOK | ||
| 040 | _aCRL | ||
| 040 | _beng | ||
| 040 | _cCRL | ||
| 041 | _2eng | ||
| 041 | _aeng | ||
| 084 | _qCRL | ||
| 100 |
_aFrançois Jullien,Michael Richardson _91105500 |
||
| 245 | 0 | _aFrom Being to Living : a Euro-Chinese lexicon of t | |
| 260 | _bSAGE | ||
| 260 | _c2020 | ||
| 856 | _uhttps://sk.sagepub.com/books/from-being-to-living-a-euro-chinese-lexicon-of-thought | ||
| 942 | _cEBOOK | ||
| 999 |
_c1670736 _d1670736 |
||